000 00264nam a22001217a 4500
008 170602b xxu||||| |||| 00| 0 eng d
041 _aeng
080 _22ND
_a94(7/8)
100 _a18
101 _aSHH
245 _aTHE WHITE HOUSE
_cPEARCE,J.N
942 _2udc
_cBK
999 _c15828
_d15828